| 000 | 00616cam a22002293a 4500 | ||
|---|---|---|---|
| 001 | 16126 | ||
| 003 | PGUSA | ||
| 005 | 20140828083338.0 | ||
| 008 | 050624s2005||||xxu|||||s|||||000 | eng d | ||
| 040 |
_aPGUSA _beng |
||
| 042 | _adc | ||
| 050 | 4 | _aPN | |
| 245 | 1 | 0 |
_aEnglish Satires _h[electronic resource] |
| 260 |
_bProject Gutenberg, _c2005 |
||
| 506 | _aPublic domain in the USA. | ||
| 516 | _aElectronic text | ||
| 653 | _aSatire, English | ||
| 700 | 1 |
_aSmeaton, William Henry Oliphant, _d1856-1914 |
|
| 830 | 0 |
_aProject Gutenberg _v16126 |
|
| 856 | 4 | 0 | _uhttp://www.gutenberg.org/ebooks/16126 |
| 942 | _cEB | ||
| 999 |
_c245381 _d245381 |
||